[Event "LSS SA-2021-0-00761"]
[Site "LSS email"]
[Date "2021.06.15"]
[Round "?"]
[White "Morcin, Tom"]
[Black "Turoczi, Peter"]
[Result "1-0"]
[WhiteElo "2029"]
[BlackElo "2033"]
[PlyCount "67"]
[EventDate "2021.05.09"]
[EventType "tourn (corr)"]
[EventRounds "6"]
[EventCountry "GER"]
[SourceTitle "Corr 2024"]
[Source "ChessBase"]
[SourceDate "2023.10.19"]
[SourceVersion "1"]
[SourceVersionDate "2023.10.19"]
[SourceQuality "1"]

1. e4 c5 2. Nf3 d6 3. d4 cxd4 4. Nxd4 Nf6 5. Nc3 a6 6. Be3 e5 7. Nb3 Be7 8. f3 Be6 9. Qd2 0-0 10. 0-0-0 Nbd7 11. g4 b5 12. g5 b4 13. Ne2 Ne8 14. f4 a5 15. f5 a4 16. fxe6 axb3 17. cxb3 fxe6 18. Bh3 Rxa2 19. Bxe6+ Kh8 20. Ng3 Nc7 21. Bc4 Qa8 22. Rhf1 Rxf1 23. Rxf1 Ra1+ 24. Kc2 Rxf1 25. Bxf1 d5 26. exd5 Nxd5 27. h4 Nxe3+ 28. Qxe3 Bc5 29. Qe2 Qf8 30. Bh3 Qf4 31. Ne4 Be3 32. Bg2 g6 33. Qa6 Qf5 34. Qa8+ 1-0

[Event "LSS SA-2021-0-00761"]
[Site "LSS email"]
[Date "2021.06.15"]
[Round "?"]
[White "Turoczi, Peter"]
[Black "Oliger, Mark"]
[Result "1/2-1/2"]
[WhiteElo "2033"]
[BlackElo "1958"]
[PlyCount "40"]
[EventDate "2021.05.09"]
[EventType "tourn (corr)"]
[EventRounds "6"]
[EventCountry "GER"]
[SourceTitle "Corr 2024"]
[Source "ChessBase"]
[SourceDate "2023.10.19"]
[SourceVersion "1"]
[SourceVersionDate "2023.10.19"]
[SourceQuality "1"]

1. e4 e5 2. Nf3 Nc6 3. Bc4 Nf6 4. d3 Be7 5. 0-0 0-0 6. Re1 d6 7. a4 Be6 8. Bxe6 fxe6 9. c3 Qd7 10. b4 a6 11. Nbd2 h6 12. Nc4 b5 13. Ncd2 d5 14. Qb3 Bd6 15. exd5 exd5 16. Ne4 Be7 17. Nxf6+ Bxf6 18. Be3 Rae8 19. Bc5 Be7 20. Bxe7 Rxe7 1/2-1/2

[Event "LSS SA-2021-0-00753"]
[Site "LSS email"]
[Date "2021.03.12"]
[Round "?"]
[White "Cleto Junior, Dirceu"]
[Black "Turoczi, Peter"]
[Result "1-0"]
[WhiteElo "2065"]
[BlackElo "2033"]
[PlyCount "81"]
[EventDate "2021.02.05"]
[EventType "tourn (corr)"]
[EventRounds "6"]
[EventCountry "GER"]
[SourceTitle "Corr 2024"]
[Source "ChessBase"]
[SourceDate "2023.10.19"]
[SourceVersion "1"]
[SourceVersionDate "2023.10.19"]
[SourceQuality "1"]

1. e4 d6 2. d4 Nf6 3. Nc3 g6 4. f4 Bg7 5. Nf3 0-0 6. Bd3 Na6 7. 0-0 c5 8. d5 Nb4 9. Be2 Na6 10. Qe1 Rb8 11. Qh4 b5 12. f5 b4 13. Nb5 gxf5 14. Bh6 Nxe4 15. Nxa7 Bb7 16. Bxg7 Kxg7 17. Ng5 Nxg5 18. Rxf5 Ne4 19. Qxe4 e6 20. Rh5 f5 21. Qxe6 Qf6 22. Nb5 Rbe8 23. Qxf6+ Rxf6 24. Bd3 Re5 25. Rf1 Bxd5 26. Rfxf5 Rexf5 27. Rxf5 Rxf5 28. Bxf5 Bxa2 29. Nxd6 Bd5 30. Be4 Be6 31. Kf2 Bg8 32. Ne8+ Kf7 33. Bd5+ Kf8 34. Bxg8 Kxg8 35. Nf6+ Kg7 36. Nd5 Kf7 37. Kf3 Nb8 38. g4 Ke6 39. Ke4 Nc6 40. Nf4+ Kd6 41. g5 1-0

[Event "LSS SA-2021-0-00753"]
[Site "LSS email"]
[Date "2021.03.12"]
[Round "?"]
[White "Turoczi, Peter"]
[Black "Kazimierski, Tomasz"]
[Result "1/2-1/2"]
[WhiteElo "2033"]
[BlackElo "2032"]
[PlyCount "72"]
[EventDate "2021.02.05"]
[EventType "tourn (corr)"]
[EventRounds "6"]
[EventCountry "GER"]
[SourceTitle "Corr 2024"]
[Source "ChessBase"]
[SourceDate "2023.10.19"]
[SourceVersion "1"]
[SourceVersionDate "2023.10.19"]
[SourceQuality "1"]

1. e4 e6 2. d4 d5 3. Nc3 Nf6 4. Bg5 dxe4 5. Nxe4 Nbd7 6. Nf3 Be7 7. Nxf6+ Bxf6 8. Bxf6 Nxf6 9. Ne5 0-0 10. Qd2 b6 11. 0-0-0 Bb7 12. Bd3 Qd5 13. c4 Qd6 14. Qe3 Nd7 15. Rhe1 Rad8 16. g3 Nxe5 17. dxe5 Qe7 18. a3 g6 19. h4 Kg7 20. Rd2 Rd7 21. Red1 Rfd8 22. Be2 Rxd2 23. Rxd2 Rxd2 24. Kxd2 h6 25. b4 c5 26. Kc3 a5 27. b5 f5 28. Qd2 g5 29. hxg5 hxg5 30. g4 f4 31. f3 Qc7 32. Kb3 Bc8 33. Bd1 Qd7 34. Qxd7+ Bxd7 35. Bc2 Be8 36. Be4 Bg6 1/2-1/2

[Event "WC-2020-S-00004"]
[Site "LSS email"]
[Date "2020.06.08"]
[Round "?"]
[White "Granara Barreto, Sebastian"]
[Black "Turoczi, Peter"]
[Result "1/2-1/2"]
[WhiteElo "1936"]
[BlackElo "2046"]
[PlyCount "48"]
[EventDate "2020.06.08"]
[EventType "tourn (corr)"]
[EventRounds "12"]
[EventCountry "GER"]
[SourceTitle "Corr 2024"]
[Source "ChessBase"]
[SourceDate "2023.10.19"]
[SourceVersion "1"]
[SourceVersionDate "2023.10.19"]
[SourceQuality "1"]

1. d4 Nf6 2. c4 e6 3. Nc3 Bb4 4. e3 0-0 5. Bd3 b6 6. Nge2 d5 7. cxd5 exd5 8. 0-0 Re8 9. f3 c5 10. a3 Bxc3 11. bxc3 Ba6 12. Ng3 Bxd3 13. Qxd3 Nbd7 14. Bb2 b5 15. Rae1 Qb6 16. Kh1 Rad8 17. Qb1 a5 18. e4 dxe4 19. fxe4 b4 20. dxc5 Qxc5 21. cxb4 axb4 22. Bxf6 Nxf6 23. axb4 Qc7 24. b5 Re6 1/2-1/2

[Event "WC-2020-S-00004"]
[Site "LSS email"]
[Date "2020.06.08"]
[Round "?"]
[White "Koronowski, Juergen"]
[Black "Turoczi, Peter"]
[Result "1-0"]
[WhiteElo "2025"]
[BlackElo "2046"]
[PlyCount "31"]
[EventDate "2020.06.08"]
[EventType "tourn (corr)"]
[EventRounds "12"]
[EventCountry "GER"]
[SourceTitle "Corr 2024"]
[Source "ChessBase"]
[SourceDate "2023.10.19"]
[SourceVersion "1"]
[SourceVersionDate "2023.10.19"]
[SourceQuality "1"]

1. e4 c5 2. Nc3 e6 3. f4 d5 4. Nf3 d4 5. Bb5+ Bd7 6. Bxd7+ Qxd7 7. Ne5 Qd8 8. Ne2 Bd6 9. Nf3 Ne7 10. d3 Qb6 11. 0-0 0-0 12. Ng3 Nbc6 13. e5 Bc7 14. Ne4 Rad8 15. Nfg5 h6 16. Qh5 1-0

[Event "WC-2020-S-00004"]
[Site "LSS email"]
[Date "2020.06.08"]
[Round "?"]
[White "Turoczi, Peter"]
[Black "Degn, Bruci"]
[Result "1/2-1/2"]
[WhiteElo "2046"]
[BlackElo "2109"]
[PlyCount "44"]
[EventDate "2020.06.08"]
[EventType "tourn (corr)"]
[EventRounds "12"]
[EventCountry "GER"]
[SourceTitle "Corr 2024"]
[Source "ChessBase"]
[SourceDate "2023.10.19"]
[SourceVersion "1"]
[SourceVersionDate "2023.10.19"]
[SourceQuality "1"]

1. e4 Nf6 2. e5 Nd5 3. d4 d6 4. c4 Nb6 5. exd6 cxd6 6. Nc3 g6 7. h3 Bg7 8. Nf3 0-0 9. Be2 Bf5 10. 0-0 Nc6 11. Bf4 e5 12. Bg5 Qd7 13. dxe5 dxe5 14. c5 Qxd1 15. Rfxd1 Nd7 16. Be3 Nd4 17. Nxd4 exd4 18. Bxd4 Bxd4 19. Rxd4 Nxc5 20. g4 Bc8 21. Rad1 Ne6 22. Rd6 Nf4 1/2-1/2

[Event "CP-2019-Q-00005"]
[Site "LSS email"]
[Date "2019.11.27"]
[Round "?"]
[White "Langer, Raimund"]
[Black "Turoczi, Peter"]
[Result "1-0"]
[WhiteElo "2464"]
[BlackElo "2042"]
[PlyCount "109"]
[EventDate "2019.12.01"]
[EventType "tourn (corr)"]
[EventRounds "6"]
[EventCountry "GER"]
[SourceTitle "Corr 2022"]
[Source "ChessBase"]
[SourceDate "2021.10.24"]
[SourceVersion "1"]
[SourceVersionDate "2021.10.24"]
[SourceQuality "1"]

1. e4 e5 2. Nf3 Nf6 3. Nxe5 d6 4. Nf3 Nxe4 5. Nc3 Nxc3 6. dxc3 Be7 7. Be3 0-0 8. Qd2 c5 9. 0-0-0 Be6 10. Bg5 d5 11. Bxe7 Qxe7 12. Ng5 Nd7 13. Nxe6 fxe6 14. f4 Nb6 15. g3 Rae8 16. Bh3 Rf6 17. Rhe1 Qd6 18. Re2 Rf7 19. Bg2 c4 20. a3 Rfe7 21. Kb1 Rf8 22. Qd4 Rff7 23. Ka2 a5 24. Bf3 h6 25. h4 Rf5 26. Rde1 Rf6 27. Re3 Kf7 28. Be2 Kf8 29. Bg4 Nd7 30. Bf3 Rf5 31. Be4 Rff7 32. f5 Nf6 33. fxe6 Rxe6 34. Bg6 Rxe3 35. Rxe3 Re7 36. g4 Rxe3 37. Qxe3 Qc7 38. Qd4 a4 39. g5 hxg5 40. hxg5 Ne4 41. Qxd5 Nd6 42. Bh7 Nf7 43. Qf5 Ke7 44. Bg8 Nd6 45. Qe5+ Kf8 46. Bd5 Qd7 47. Qf4+ Ke8 48. g6 Qe7 49. Bxc4 Qe4 50. Qxe4+ Nxe4 51. Bd5 Nc5 52. b4 axb3+ 53. cxb3 b6 54. b4 Nd3 55. Kb3 1-0

[Event "WC-2019-S-00007"]
[Site "LSS email"]
[Date "2019.08.28"]
[Round "?"]
[White "Herzog, Klaus"]
[Black "Turoczi, Peter"]
[Result "0-1"]
[WhiteElo "1879"]
[BlackElo "2020"]
[PlyCount "95"]
[EventDate "2019.09.01"]
[EventType "tourn (corr)"]
[EventRounds "12"]
[EventCountry "GER"]
[SourceTitle "Corr 2024"]
[Source "ChessBase"]
[SourceDate "2023.10.19"]
[SourceVersion "1"]
[SourceVersionDate "2023.10.19"]
[SourceQuality "1"]

1. e4 e6 2. d4 d5 3. Nc3 dxe4 4. Nxe4 Nd7 5. Nf3 Ngf6 6. Bg5 h6 7. Nxf6+ Nxf6 8. Be3 Bd6 9. Bd3 0-0 10. Qe2 b6 11. 0-0-0 Bb7 12. Ne5 c5 13. Nc4 Be7 14. dxc5 Nd5 15. Qg4 Nxe3 16. Nxe3 Qc7 17. cxb6 Qxb6 18. Qg3 Rab8 19. Kb1 Rfc8 20. b3 Qb4 21. Ng4 h5 22. Ne5 h4 23. Qe3 Qc3 24. Nd7 Ba3 25. Qe5 Qxe5 26. Nxe5 h3 27. g3 Bxh1 28. Rxh1 g6 29. Bf1 Rc5 30. f4 Rc3 31. Bxh3 Rbc8 32. Bg4 Rxc2 33. Nc4 R8xc4 34. bxc4 Rxc4 35. Bf3 Rb4+ 36. Kc2 Rb2+ 37. Kc3 Rxa2 38. Kb3 Rf2 39. Kxa3 Rxf3+ 40. Kb4 Kg7 41. Kc5 Rf2 42. Ra1 Rxh2 43. Rxa7 Rd2 44. Ra3 Kf6 45. Kc4 g5 46. Rf3 Rd7 47. Kc5 gxf4 48. Rxf4+ 0-1

[Event "WC-2019-S-00007"]
[Site "LSS email"]
[Date "2019.08.28"]
[Round "?"]
[White "Schubert, Steffen"]
[Black "Turoczi, Peter"]
[Result "1/2-1/2"]
[WhiteElo "1924"]
[BlackElo "2020"]
[PlyCount "51"]
[EventDate "2019.09.01"]
[EventType "tourn (corr)"]
[EventRounds "12"]
[EventCountry "GER"]
[SourceTitle "Corr 2024"]
[Source "ChessBase"]
[SourceDate "2023.10.19"]
[SourceVersion "1"]
[SourceVersionDate "2023.10.19"]
[SourceQuality "1"]

1. e4 e6 2. d4 d5 3. e5 c5 4. c3 Qb6 5. Nf3 Nc6 6. a3 f6 7. b4 c4 8. Be3 Qc7 9. Bf4 fxe5 10. Nxe5 Nf6 11. g3 Bd6 12. Qe2 0-0 13. Bg2 Bxe5 14. dxe5 Nd7 15. 0-0 Ne7 16. Bh3 Qc6 17. a4 Ng6 18. Nd2 Nb6 19. b5 Nxf4 20. gxf4 Qe8 21. Qe3 Qe7 22. f5 exf5 23. Bg2 Be6 24. f4 Nd7 25. Nf3 Nc5 26. Nd4 1/2-1/2

[Event "WC-2019-S-00007"]
[Site "LSS email"]
[Date "2019.08.28"]
[Round "?"]
[White "Turoczi, Peter"]
[Black "Vodicka, Milan"]
[Result "1/2-1/2"]
[WhiteElo "2020"]
[BlackElo "1920"]
[PlyCount "51"]
[EventDate "2019.09.01"]
[EventType "tourn (corr)"]
[EventRounds "12"]
[EventCountry "GER"]
[SourceTitle "Corr 2024"]
[Source "ChessBase"]
[SourceDate "2023.10.19"]
[SourceVersion "1"]
[SourceVersionDate "2023.10.19"]
[SourceQuality "1"]

1. Nf3 d5 2. c4 d4 3. b4 Bg4 4. g3 Bxf3 5. exf3 e6 6. Qb3 Nd7 7. f4 h5 8. h4 a5 9. b5 Ne7 10. Ba3 Nf5 11. Bg2 a4 12. Qb2 Bxa3 13. Qxa3 Ra7 14. d3 Qe7 15. Be4 g6 16. Qb2 Nc5 17. Qe2 Nd6 18. Bg2 Nc8 19. Nd2 Nb6 20. 0-0 a3 21. Rfe1 Qf6 22. Nf3 0-0 23. Qd2 Nbd7 24. Rac1 Kg7 25. Bh3 Rfa8 26. Re2 1/2-1/2

[Event "WC-2019-S-00007"]
[Site "LSS email"]
[Date "2019.08.28"]
[Round "?"]
[White "Van De Peut, Aart"]
[Black "Turoczi, Peter"]
[Result "1-0"]
[WhiteElo "1921"]
[BlackElo "2020"]
[PlyCount "95"]
[EventDate "2019.09.01"]
[EventType "tourn (corr)"]
[EventRounds "12"]
[EventCountry "GER"]
[SourceTitle "Corr 2024"]
[Source "ChessBase"]
[SourceDate "2023.10.19"]
[SourceVersion "1"]
[SourceVersionDate "2023.10.19"]
[SourceQuality "1"]

1. d4 e6 2. e4 d5 3. Nc3 dxe4 4. Nxe4 Nd7 5. Bd3 Ngf6 6. Nf3 Nxe4 7. Bxe4 Nf6 8. Bd3 Bd6 9. Qe2 c5 10. dxc5 Qa5+ 11. c3 Qxc5 12. Be3 Qc7 13. 0-0-0 Bd7 14. Bd4 0-0-0 15. Bxa7 Qa5 16. Be3 Nd5 17. Kb1 Nxe3 18. fxe3 h5 19. Rhf1 Kb8 20. Bc4 Ba4 21. Rd4 Bc6 22. h3 e5 23. Rdd1 f5 24. Nd2 f4 25. e4 Be7 26. Bd5 Ba4 27. b3 Be8 28. c4 Qc7 29. Nf3 g5 30. Qb2 Bf6 31. b4 g4 32. Nd2 Bg6 33. a3 gxh3 34. gxh3 Rh7 35. Rg1 Rg7 36. Rc1 Rdd7 37. b5 Qc5 38. Ka2 Bh7 39. Nb3 Qe3 40. Rge1 Qb6 41. a4 Bg8 42. a5 Qd6 43. c5 Qf8 44. Red1 Bxd5 45. exd5 e4 46. Qc2 Qg8 47. c6 bxc6 48. dxc6 1-0

[Event "SB-2019-0-00574"]
[Site "LSS email"]
[Date "2019.06.12"]
[Round "?"]
[White "Turoczi, Peter"]
[Black "Sundqvist, Christer"]
[Result "1/2-1/2"]
[WhiteElo "1981"]
[BlackElo "2022"]
[PlyCount "62"]
[EventDate "2019.04.26"]
[EventType "tourn (corr)"]
[EventRounds "6"]
[EventCountry "GER"]
[SourceTitle "Corr 2022"]
[Source "ChessBase"]
[SourceDate "2021.10.24"]
[SourceVersion "1"]
[SourceVersionDate "2021.10.24"]
[SourceQuality "1"]

1. c4 c5 2. g3 g6 3. Bg2 Bg7 4. Nc3 Nc6 5. e3 d6 6. Nge2 h5 7. h4 Bg4 8. 0-0 Qc8 9. f3 Bh3 10. Kh2 Bxg2 11. Kxg2 Nf6 12. d4 e6 13. d5 exd5 14. Nxd5 Nxd5 15. Qxd5 0-0 16. Nf4 Re8 17. Rd1 Be5 18. e4 Rb8 19. Qd3 a6 20. Rb1 b5 21. Bd2 Nb4 22. Bxb4 bxc4 23. Qxc4 Rxb4 24. Qc2 Qb7 25. Nd3 Rd4 26. Nf4 Bxf4 27. gxf4 d5 28. Rxd4 cxd4 29. e5 Rc8 30. Qd3 Qb6 31. Qd2 Rc4 1/2-1/2